000
00294nam a22001337a 4500
008
170331b xxu||||| |||| 00| 0 eng d
020
_a
08721612172
041
_a
eng
080
_a
617
100
_a
8
101
_a
SHM
245
_a
THE TRAUMATIZED HAN AND WRIST
_c
GILULA.L.A
942
_2
udc
_c
BK
999
_c
9297
_d
9297